|
|
|
|
| LEADER |
00000nam0a2200000 4500 |
| 001 |
294190 |
| 005 |
20231102000653.0 |
| 020 |
|
|
|a RU
|b 84-41517
|
| 035 |
|
|
|a (RuTPU)RU\TPU\book\319245
|
| 090 |
|
|
|a 294190
|
| 100 |
|
|
|a 20150512d1984 km y0rusy5003 ca
|
| 101 |
0 |
|
|a rus
|
| 102 |
|
|
|a RU
|
| 105 |
|
|
|a y z 000zy
|
| 200 |
1 |
|
|a Социалистическая культура: теория и жизнь
|f А. И. Арнольдов
|
| 210 |
|
|
|a Москва
|c Политиздат
|d 1984
|
| 215 |
|
|
|a 174 с.
|
| 606 |
1 |
|
|a Социалистическая культура
|2 stltpush
|3 (RuTPU)RU\TPU\subj\55626
|9 73634
|
| 610 |
1 |
|
|a теория
|
| 610 |
1 |
|
|a история
|
| 610 |
1 |
|
|a культурные ценности
|
| 610 |
1 |
|
|a прогресс
|
| 610 |
1 |
|
|a политическая культура
|
| 610 |
1 |
|
|a нравственная культура
|
| 610 |
1 |
|
|a интеллигенция
|
| 610 |
1 |
|
|a 20 век
|
| 686 |
|
|
|a Ч111.166
|2 rubbk
|
| 700 |
|
1 |
|a Арнольдов
|b А. И.
|g Арнольд Исаевич
|4 070
|
| 801 |
|
0 |
|a RU
|b RuMRKP
|c 19950704
|g psbo
|
| 801 |
|
1 |
|a RU
|b 63413507
|c 20150512
|
| 801 |
|
2 |
|a RU
|b 63413507
|c 20190118
|g RCR
|
| 942 |
|
|
|c BK
|